000 00605nam a2200241 a 4500
001 nice12345678
003 IN_TiNIC
005 20260116011837.0
008 050524s1945 lona grp 000 0 eng
020 _a
_c100
082 0 0 _a230
_bCAD1
100 _aCadoux, Cecil John
245 _aPilgrim`s Further Progress
_b Dialogues on Christian Teaching
260 _aLondon
_bReligious Book Club
_c1945
300 _a211p
500 _aincludes index and biblioraphy
505 2 _aIndex
650 _aTheology
700 1 _aCadoux, Cecil John
902 _bSRS
942 _cBK
999 _c4379
_d4379